Uznesenie z mimoriadneho zasadania ZsKV KSS dňa 29. 11. 1989

Bibliographic Details
Format: Article
Language:Slovak
Subjects:

MARC

LEADER 00000nab a2200000 a 4500
001 vtls000364085
003 SK-MaSNL
005 20260305030224.0
008 111202c1989 xo 0 slo
015 |a SNBRB19rr/mm-uuuuu 
035 |a CL0364207 
040 |a SNKBUCL  |b slo  |c SNKBUCL  |e AACR2 
041 0 |a slo 
044 |a xo  |c SK 
080 |a 329.15(437.6)  |2 1981 
245 0 0 |a Uznesenie z mimoriadneho zasadania ZsKV KSS dňa 29. 11. 1989 
610 2 7 |a Komunistická strana Slovenska  |2 snkbucl  |9 30182 
651 7 |a 5100  |2 snkbucl  |9 166206 
651 7 |a Západoslovenský kraj (Slovensko)  |2 snkbucl  |9 161528 
655 7 |a články z novín a časopisov  |2 snkbucl  |9 267496 
773 0 |t Hlas ľudu  |g Roč. 35, č. 282 (30. 11. 1989), s. 6 
850 |a Slovenská národná knižnica v Martine  |a MTA001 
852 |a SNK  |b KIS3GCP 
958 |a RK 
992 |a RBX 
999 |c 3309939  |d 3311869